[Event "JPN-ch 46th"]
[Site "Tokyo"]
[Date "2013.05.04"]
[Round "7"]
[White "Tang, Tang"]
[Black "Nanjo, Ryosuke"]
[Result "0-1"]
[WhiteElo "1927"]
[BlackElo "2327"]
[PlyCount "80"]
[EventDate "2013.05.01"]
[EventType "swiss"]
[EventRounds "11"]
[EventCountry "JPN"]
[SourceTitle "CBM 154 Extra"]
[Source "ChessBase"]
[SourceDate "2013.06.25"]
[SourceVersion "2"]
[SourceVersionDate "2013.06.25"]
[SourceQuality "1"]

1. e4 c5 2. Nc3 e6 3. g3 d5 4. exd5 exd5 5. d4 Nc6 6. dxc5 Be6 7. Bg2 Nf6 8. Nge2 Bxc5 9. 0-0 d4 10. Ne4 Nxe4 11. Bxe4 Bd5 12. Bxd5 Qxd5 13. Nf4 Qd7 14. Nd3 Be7 15. Re1 0-0 16. Ne5 Nxe5 17. Rxe5 Bf6 18. Re2 Rfe8 19. Bf4 Qb5 20. Rxe8+ Rxe8 21. Rb1 g5 22. Qg4 Qe2 23. Qf5 Qe6 24. Qxe6 fxe6 25. Bd2 e5 26. f3 Kf7 27. Kf2 Ke6 28. Ke2 Kd5 29. Kd3 g4 30. fxg4 e4+ 31. Ke2 e3 32. Bb4 Ke4 33. Rd1 b6 34. Bd6 Rc8 35. Rc1 Rxc2+ 36. Rxc2 d3+ 37. Kd1 dxc2+ 38. Kxc2 e2 39. Bb4 Kf3 40. Be1 Kg2 0-1

[Event "JPN-ch 46th"]
[Site "Tokyo"]
[Date "2013.05.03"]
[Round "6"]
[White "Ikeda, Junta"]
[Black "Tang, Tang"]
[Result "1-0"]
[WhiteElo "2367"]
[BlackElo "1927"]
[PlyCount "119"]
[EventDate "2013.05.01"]
[EventType "swiss"]
[EventRounds "11"]
[EventCountry "JPN"]
[SourceTitle "CBM 154 Extra"]
[Source "ChessBase"]
[SourceDate "2013.06.25"]
[SourceVersion "2"]
[SourceVersionDate "2013.06.25"]
[SourceQuality "1"]

1. Nf3 d5 2. c4 e6 3. g3 Nf6 4. Bg2 Be7 5. 0-0 0-0 6. b3 c5 7. cxd5 Nxd5 8. Bb2 Nc6 9. d4 cxd4 10. Nxd4 Nxd4 11. Bxd4 Bd7 12. Nd2 b6 13. Nc4 Rc8 14. a4 b5 15. axb5 Bxb5 16. Rxa7 Bxc4 17. bxc4 Rxc4 18. Bxd5 exd5 19. Qa1 Bc5 20. Bxc5 Rxc5 21. Rd1 Qc8 22. Qd4 Rc2 23. Re7 Re8 24. Rxe8+ Qxe8 25. e3 Qe6 26. e4 h6 27. exd5 Qd6 28. Qe4 Rc8 29. Kg2 g6 30. Qd4 Rd8 31. Rd2 Rd7 32. h3 Rd8 33. Rd3 Rd7 34. Qe3 Kg7 35. Rd4 Rd8 36. Kh2 Rd7 37. Rh4 h5 38. Rd4 Rd8 39. Kg2 Rd7 40. g4 hxg4 41. hxg4 Rd8 42. Rd3 Rh8 43. f4 Rd8 44. Qd4+ Qf6 45. Qe5 g5 46. Qxf6+ Kxf6 47. Kf3 gxf4 48. Kxf4 Ke7 49. g5 Kd6 50. Kf5 Rg8 51. Rh3 Rg7 52. Rh5 Ke7 53. d6+ Kd7 54. Kf6 Rg6+ 55. Kxf7 Rxd6 56. g6 Rd1 57. Rf5 Re1 58. g7 Re7+ 59. Kg6 Re8 60. Kh7 1-0

[Event "JPN-ch 46th"]
[Site "Tokyo"]
[Date "2013.05.01"]
[Round "2"]
[White "Kobayashi, Atsuhiko"]
[Black "Tang, Tang"]
[Result "0-1"]
[WhiteElo "2011"]
[BlackElo "1927"]
[PlyCount "82"]
[EventDate "2013.05.01"]
[EventType "swiss"]
[EventRounds "11"]
[EventCountry "JPN"]
[SourceTitle "CBM 154 Extra"]
[Source "ChessBase"]
[SourceDate "2013.06.25"]
[SourceVersion "2"]
[SourceVersionDate "2013.06.25"]
[SourceQuality "1"]

1. e4 c6 2. d4 d5 3. Nd2 dxe4 4. Nxe4 Bf5 5. Ng3 Bg6 6. Bc4 Nf6 7. N1e2 e6 8. Nf4 Bd6 9. Bb3 Qc7 10. Qf3 Nd5 11. Nxg6 hxg6 12. Bd2 Nd7 13. c4 N5f6 14. 0-0 0-0 15. c5 Be7 16. Bf4 Qd8 17. h4 Nd5 18. h5 Nxf4 19. Qxf4 gxh5 20. Nxh5 Nf6 21. Nxf6+ Bxf6 22. Rad1 g6 23. Bc2 Kg7 24. Rfe1 Rh8 25. Qg3 Rh4 26. Re4 Rxe4 27. Bxe4 Bxd4 28. Qb3 Qf6 29. Bf3 Rh8 30. g3 Bxc5 31. Kg2 Bb6 32. Rd7 Qf5 33. Kg1 Qe5 34. Kf1 Qc5 35. Qc3+ Qxc3 36. bxc3 Rd8 37. Rxd8 Bxd8 38. Ke2 Kf6 39. Be4 Ke5 40. Kd3 g5 41. g4 Kf4 0-1